000 01037nam a2200313 a 4500
001 46666
003 BD-RjUL
005 20211209054204.0
008 160803s1976 ii 001 0 eng
020 _c : Rs 30.00
035 _a(BD-RjUL)46785
040 _aDLC
_cDLC
_dDLC
_beng
041 _aeng
082 0 0 _a347.40954
_223
_bDEI 1976
100 _aDesai, Trikamlal R.
_9142277
245 1 4 _aThe Indian contract act, Sale of goods act, and Partnership act :
_bwith notes based on English and Indian cases /
_cby Trikamal R. Desai ; edited by Kanishka H. Kaji.
250 _a18th ed.
260 _aCalcutta :
_bS. C. Sarkar & Sons,
_c1976.
300 _alxiii, 712 p. ;
_c22 cm.
500 _aIncludes index.
650 0 _aContracts
_zIndia.
_9141970
650 0 _aContracts
_zPakistan.
_9142278
650 0 _aSales
_zIndia.
_9142137
650 0 _aSales
_zPakistan.
_9142279
650 0 _aPartnership
_zIndia.
_9142138
650 0 _aPartnership
_zPakistan.
_9142157
700 1 _aKaji, Kanishka H.,
_eed.
_9142280
942 _2ddc
_cBK
999 _c46666
_d46666